Maiores Cidades do Paraná - Statistics

Estatísticas Gerais
  • Esse quiz foi jogado 5 943 vezes
  • A pontuação média é 12 de 25
Respostas no mapa
Respostas codificadas por cores de uma escala verde-vermelha no mapa do quiz de acordo com a % correta abaixo.
 
Estatísticas das Respostas
População Cidade % Correto
1,948,630 Curitiba
99%
560,410 Londrina
90%
422,420 Maringá
84%
256,100 Foz do Iguaçu
82%
313,570 Cascavel
75%
347,490 Ponta Grossa
71%
295,040 São José dos Pinhais
60%
150,520 Paranaguá
58%
167,000 Guarapuava
49%
78,890 Pato Branco
49%
129,430 Toledo
45%
133,490 Pinhais
43%
135,270 Araucária
41%
235,240 Colombo
41%
78,790 Francisco Beltrão
38%
104,430 Umuarama
38%
112,180 Campo Largo
37%
128,550 Apucarana
36%
84,710 Paranavaí
35%
90,540 Campo Mourão
34%
122,050 Arapongas
32%
103,150 Cambé
30%
94,830 Fazenda Rio Grande
29%
115,030 Almirante Tamandaré
26%
96,980 Sarandi
24%
Nenhum quiz correspondente encontrado
Distribuição das Pontuações
Porcentagem de Pessoas com Cada Pontuação
Percentil de Números Respondidos
Sua Pontuação Histórica
Você não jogou esse quiz